000 00623nam a2200229 i 4500
001 C2-0263135
003 PPAK
005 20180727232005.0
008 050314s2005 enka|||| ||||| | eng d
020 _a0276427149
040 _aPPAK
_beng
_cPPAK
_erda
082 0 4 _a591.51
_223
090 0 0 _a591.51
_bANI
_dR
245 0 4 _aThe animal world
264 1 _aLondon :
_bThe Reader's Digest Association ,
_c[2005]
300 _a168 pages :
_bcolour illustrations ;
_c29 cm
336 _2rdacontent
_atext
337 _2rdamedia
_aunmediated
338 _2rdacarrier
_avolume
650 1 0 _aAnimal behavior.
942 _ddc
_cB
999 _c73368
_d73368